Caribbean bibliography : selected resources for teachers and students (Record no. 63699)

MARC details
000 -CABECERA
campo de control de longitud fija 00523nam a2200193 a 4500
005 - FECHA Y HORA DE LA ÚLTIMA TRANSACCIÓN
campo de control 20210219152917.0
008 - ELEMENTOS DE LONGITUD FIJA--INFORMACIÓN GENERAL
campo de control de longitud fija 991125n 000 0 eng u
035 ## - NÚMERO DE CONTROL DEL SISTEMA
Número de control de sistema UPN01000066857
222 ## - TÍTULO CLAVE
Título clave SOCIAL EDUCATION
245 ## - MENCIÓN DE TÍTULO
Título Caribbean bibliography : selected resources for teachers and students
300 ## - DESCRIPCIÓN FÍSICA
Extensión 237-238
362 ## - FECHAS DE PUBLICACIÓN Y/O DESIGNACIÓN SECUENCIAL
Fecha de publicación y/o designación secuencial 1991 55, No. 4
505 ## - NOTA DE CONTENIDO CON FORMATO PREESTABLECIDO
Nota de contenido con formato Enero 1992
653 0# - TERMINO DE INDIZACION - NO CONTROLADO
Término no controlado CULTURA EXTRANJERA
653 0# - TERMINO DE INDIZACION - NO CONTROLADO
Término no controlado ESTUDIOS DE AREA
653 0# - TERMINO DE INDIZACION - NO CONTROLADO
Término no controlado ESTUDIOS SOCIALES
904 ## - ELEMENTOS DE DATOS D LOCAL, LDD (RLIN)
a AC
b 004668
905 ## - TIPO DE MATERIAL
Tipo de material Articulo

No items available.